| 000 | 00547nam a22001817a 4500 | ||
|---|---|---|---|
| 999 |
_c8963 _d8963 |
||
| 003 | GBCCL | ||
| 005 | 20241126110702.0 | ||
| 008 | 220208b ||||| |||| 00| 0 eng d | ||
| 040 | _cGBC | ||
| 082 |
_aVER 227.107 _bKHA |
||
| 100 |
_aKhamvum, V. _913375 |
||
| 245 | _aRomte kiang a laikhak hilhchetna | ||
| 260 |
_aNew Lamka: _bPublication board, Evangelical Baptist Convention, _c2020 |
||
| 300 | _a364p. ; | ||
| 440 |
_aSaptuam' Laisiangthou Hilhchetna. _97247 |
||
| 650 |
_aBible _vNew Testament _xJohn _xCommentary _915683 |
||
| 942 |
_2ddc _cBK _01 |
||